[Event "Quens's Pawn Game Thematic 1"]
[Site "SchemingMind.com"]
[Date "2024.11.09"]
[Round "-"]
[White "pnwmusichound"]
[Black "abuteague"]
[Result "1/2-1/2"]
[WhiteCountry "USA"]
[BlackCountry "USA"]
[WhiteElo "1796"]
[WhiteRD "102"]
[BlackElo "1566"]
[BlackRD "84"]
[GameID "748655"]

1. d4 d5 2. g3 Bf5 3. Nf3 e6 4. Bg2 Nf6 5. O-O Bd6 6. Nbd2 O-O 7. c4 dxc4 8. Nxc4 Nc6 9. b3 Rb8 10. Bb2 Be7
11. Nfe5 Nxe5 12. Nxe5 c6 13. a4 Nd7 14. e4 Bg6 15. Nxg6 hxg6 16. d5 exd5 17. exd5 cxd5 18. Bxd5 Bf6 19. Rb1 Bxb2 20. Rxb2 Nf6
21. Rd2 Nxd5 22. Rxd5 Qb6 23. Qd3 a6 24. h4 Rbd8 25. Rd1 Rxd5 26. Qxd5 Qb4 27. Rd4 Qe7 28. h5 gxh5 29. Qxh5 f6 30. Qg6 Qf7
31. Qxf7+ Rxf7 32. Kg2 g5 33. Kh3 Kg7 34. f4 gxf4 35. Rxf4 Kg6 36. Kh4 f5 37. g4= fxg4 38. Kxg4 Rf6 39. Rxf6+= Kxf6 40. Kf4 Ke6
41. Ke4 Kd6 42. Kd4 Kc6 43. Kc4 Kb6 44. b4 a5 45. b5=
1/2-1/2

[Event "Quens's Pawn Game Thematic 1"]
[Site "SchemingMind.com"]
[Date "2024.11.09"]
[Round "-"]
[White "abuteague"]
[Black "pnwmusichound"]
[Result "1-0"]
[WhiteCountry "USA"]
[BlackCountry "USA"]
[WhiteElo "1620"]
[WhiteRD "87"]
[BlackElo "1754"]
[BlackRD "104"]
[GameID "748656"]

1. d4 d5 2. c4 c6 3. Bf4 Qb6 4. Qb3 Qxd4 5. Be3 Qxc4 6. Qxc4 dxc4 7. g3 e5 8. Bg2 Nf6 9. Nf3 Bb4+ 10. Bd2 Bxd2+
11. Nfxd2 Be6 12. O-O O-O 13. a4 a5 14. Nc3 Na6 15. Rfd1 Nb4 16. Nde4 Nxe4 17. Nxe4 Nc2 18. Rab1 h6 19. Nc5 Ra7 20. Nxe6 fxe6
21. Rd6 b5 22. Rxc6 Raf7 23. f3 e4 24. axb5 exf3 25. Bxf3 Nd4 26. Rxc4 Nxf3+ 27. exf3 Rxf3 28. Ra4 Ra8 29. Ra3 Rf5 30. Rb3 Rb8
31. b6 Rf7 32. Rc1 Rfb7 33. Rc6 Kf7 34. Rb5 Ke7 35. Rxa5 Rxb6 36. Ra7+ Kf6 37. Rcc7 Kg6 38. Rxg7+ Kf5 39. Raf7+ Ke4 40. Kg2 Rxb2+
41. Kh3 e5 42. Rh7 R8b6 43. Re7 Rf2 44. Rhf7 Rxf7 45. Rxf7 Ke3 46. Re7 e4 47. g4 Kf2 48. Rxe4
1-0

[Event "Quens's Pawn Game Thematic 1"]
[Site "SchemingMind.com"]
[Date "2024.11.05"]
[Round "-"]
[White "abuteague"]
[Black "Chessibelle"]
[Result "1-0"]
[WhiteCountry "USA"]
[BlackCountry "ENG"]
[WhiteElo "1614"]
[WhiteRD "75"]
[BlackElo "1026"]
[BlackRD "58"]
[GameID "748657"]

1. d4 d5 2. c4 e6 3. Nc3 b6 4. Nf3 f6 5. Bf4 a6 6. e3 c5 7. cxd5 exd5 8. dxc5 bxc5 9. Qxd5 Qxd5 10. Nxd5 Ne7
11. Nc7+ Kd8 12. Nxa8 h6 13. Nb6 Bb7 14. Bxb8 Nc6 15. O-O-O+ Bd6 16. Rxd6+ Ke7 17. Rd7+ Ke6 18. Rxb7 Rd8 19. Bc4+ Kf5 20. Bg3 Nb4
21. Nh4+ Kg5 22. f4+ Kh5 23. Be2#
1-0

[Event "Quens's Pawn Game Thematic 1"]
[Site "SchemingMind.com"]
[Date "2024.11.05"]
[Round "-"]
[White "Chessibelle"]
[Black "abuteague"]
[Result "0-1"]
[WhiteCountry "ENG"]
[BlackCountry "USA"]
[WhiteElo "1026"]
[WhiteRD "58"]
[BlackElo "1614"]
[BlackRD "75"]
[GameID "748658"]

1. d4 d5 2. e3 e6 3. Bd2 Nf6 4. h3 c5 5. b3 Nc6 6. f3 Bd6 7. Ke2 cxd4 8. c3 dxe3 9. Bxe3 Bg3 10. f4 Ne4
11. Kd3 O-O 12. Na3 Qf6 13. Nb1 b6 14. a3 Ba6+ 15. Kc2 Bxf1 16. Qxf1 Rac8 17. Nd2 Na5 18. Ne2 Nxc3 19. Nd4 Ne4+ 20. Kb2 Nxd2
21. Qb5 Ndxb3 22. Rad1 Nxd4 23. Bxd4 Qxf4 24. Qa6 Qc7 25. Bc3 Qxc3+ 26. Kb1 Qc2+ 27. Ka1 Be5+
0-1

[Event "Quens's Pawn Game Thematic 1"]
[Site "SchemingMind.com"]
[Date "2024.11.09"]
[Round "-"]
[White "abuteague"]
[Black "Helga1946"]
[Result "0-1"]
[WhiteCountry "USA"]
[BlackCountry "GER"]
[WhiteElo "1614"]
[WhiteRD "75"]
[BlackElo "2456"]
[BlackRD "66"]
[GameID "748659"]

1. d4 d5 2. c4 dxc4 3. a4 Nc6 4. d5 Na5 5. e4 e6 6. Nc3 Bb4 7. Nf3 Nf6 8. Nd2 exd5 9. exd5 O-O 10. Nxc4 Re8+
11. Be3 Bg4 12. Qd3 Nxd5 13. Be2 Bxe2 14. Kxe2 Nf4+
0-1

[Event "Quens's Pawn Game Thematic 1"]
[Site "SchemingMind.com"]
[Date "2024.11.09"]
[Round "-"]
[White "Helga1946"]
[Black "abuteague"]
[Result "1-0"]
[WhiteCountry "GER"]
[BlackCountry "USA"]
[WhiteElo "2461"]
[WhiteRD "65"]
[BlackElo "1614"]
[BlackRD "81"]
[GameID "748660"]

1. d4 d5 2. Nf3 Bg4 3. Ne5 Bh5 4. Qd3 Nf6 5. Qb5+ Nbd7 6. Nxd7 Nxd7 7. Qxd5 Nf6 8. Qxb7 e6 9. Qc6+ Nd7 10. Bg5 Be7
11. Bxe7 Kxe7 12. Nd2 Re8 13. f3 Kf8 14. e4 Rb8 15. O-O-O Rb6 16. Qc3 Qb8 17. g4 Bg6 18. h4 f6 19. h5 Bf7 20. h6 g6
21. g5 e5 22. dxe5 Rxe5 23. Nc4 Bxc4 24. Rxd7 Bxf1 25. Rxh7 Kg8 26. Rxc7 Re8 27. gxf6 Rd8 28. f7+
1-0

[Event "Quens's Pawn Game Thematic 1"]
[Site "SchemingMind.com"]
[Date "2024.11.05"]
[Round "-"]
[White "abuteague"]
[Black "Henk Miedema"]
[Result "1-0"]
[WhiteCountry "USA"]
[BlackCountry "NED"]
[WhiteElo "1614"]
[WhiteRD "75"]
[BlackElo "735"]
[BlackRD "87"]
[GameID "748661"]

1. d4 d5 2. c4 c6 3. Nc3 a6 4. Nf3 Nf6 5. Bf4 b5 6. cxd5 cxd5 7. e3 e6 8. Bd3 Bb4 9. O-O Qe7 10. Ne2 Bd6
11. Bxd6 Qxd6 12. Rc1 O-O 13. Ne5 Qb4 14. b3 a5 15. h3 Qd6 16. Rc2 b4 17. Qc1 Qe7 18. Rxc8 Nbd7 19. Rc7 Rac8 20. Rxc8 Nh5
21. Nxd7 Qxd7 22. Rxf8+ Kxf8 23. Qc5+ Kg8 24. Qxa5 g6 25. Qxb4 Nf6 26. a4 Ne8 27. Rc1 Nc7 28. Qc5 Na6 29. Qc8+ Kg7 30. Qxd7 Nb4
31. Rc7 h6 32. Qxf7+ Kh8 33. Qg7#
1-0

[Event "Quens's Pawn Game Thematic 1"]
[Site "SchemingMind.com"]
[Date "2024.11.05"]
[Round "-"]
[White "Henk Miedema"]
[Black "abuteague"]
[Result "0-1"]
[WhiteCountry "NED"]
[BlackCountry "USA"]
[WhiteElo "735"]
[WhiteRD "87"]
[BlackElo "1614"]
[BlackRD "75"]
[GameID "748662"]

1. d4 d5 2. e3 Nf6 3. Bb5+ c6 4. Bd3 e6 5. Nf3 Bd6 6. c4 dxc4 7. Bxc4 O-O 8. O-O Nbd7 9. Qb3 Nb6 10. Nc3 Nxc4
11. Qxc4 Nd5 12. Nxd5 exd5 13. Qd3 g6 14. Nd2 Bf5 15. Qb3 Qc7 16. Nf3 Be4 17. Ne1 Bxh2+ 18. Kh1 Bd6 19. Bd2 Rfb8 20. Qa4 Qe7
21. f3 Bg3 22. a3 Qh4+ 23. Kg1 Qh2#
0-1